| 000 | 02220nam0a2200397 4500 | ||
|---|---|---|---|
| 001 | RU\NLR\bibl\843701 | ||
| 005 | 20260409065634.0 | ||
| 010 |
_a5-87789-019-0 _9150 |
||
| 021 |
_aRU _b2005-52664 _92568 |
||
| 035 | _a(NLR Aleph) 000832514 | ||
| 090 |
_a1369746 _c1369746 |
||
| 100 | _a20050921d2005 |||y0rusy50 ca | ||
| 101 | 0 |
_arus _deng |
|
| 102 | _aRU | ||
| 105 | _aa z ||||| | ||
| 200 | 1 |
_aОптические методы исследования потоков _eтруды VIII международной научно-технической конференции, 28 июня - 1 июля 2005, Москва _fред.: проф. Ю. Н. Дубнищев, проф. Б. С. Ринкевичюс |
|
| 210 |
_aМосква _cФирма "Знак" _d2005 |
||
| 215 |
_a518, [1] с. _cил. _d21 |
||
| 300 | _aНа обл. подзаг.: Восьмая международная научно-техническая конференция, 28 июня - 1 июля 2005, Москва: труды конференции | ||
| 300 | _aВ надзаг.: Рос. акад. наук, М-во образования и науки РФ, Ин-т теплофизики СО РАН, Моск. энерг. ин-т (ТУ) и др. | ||
| 300 | _aНа обл.: К 75-летию МЭИ (ТУ) | ||
| 300 | _aРез. на англ. яз. | ||
| 313 | _aЭлементрая база оптико-электронных приборов | ||
| 320 | _aБиблиогр. в конце ст. | ||
| 606 |
_aОптоэлектроника _jСъезды, совещания и т.п. _9983656 _3RU\NLR\auth\6652305 |
||
| 686 | _aЗ854.3я431(0) | ||
| 702 | 1 |
_aДубнищев _bЮ. Н. _4340 |
|
| 711 | 1 | 2 |
_a"Оптические методы исследования потоков", международная научно-техническая конференция _d8 _eМосква _f2005 _9863521 _3RU\NLR\AUTH\880599299 |
| 712 | 0 | 2 |
_4570 _aРоссийская академия наук _9272489 _3RU\NLR\AUTH\881057 |
| 801 | 0 |
_aRU _bNLR _c20050921 _grcr |
|
| 801 | 1 |
_aRU _bNLR _c20050921 |
|
| 942 | _cBOOK | ||
| 980 | _aNB | ||